000 00473nam a22001697a 4500
003 OSt
005 20220107122849.0
008 190530b xxu||||| |||| 00| 0 eng d
020 _a9780195372779
040 _cIIITMK
082 _a346.048 VAI/I
100 _aVaidhyanathan, Siva
_915583
245 _aIntellectual property:
_bA very short introduction
_cSiva Vaidhyanathan
260 _aNew York,
_bOxford University Press,
_c2017.
300 _axxi, 121p.
942 _2ddc
_cBK
999 _c6449
_d6449